header

Problem and promise in Colin E. Gunton's doctrine of creation (Record no. 36838)

MARC details
000 -LEADER
fixed length control field 01385nam a2200349 a 4500
082 04 - DEWEY DECIMAL CLASSIFICATION NUMBER
Classification number 231.7/65092
100 1# - MAIN ENTRY--AUTHOR NAME
Personal name Whitney, William B.
245 10 - TITLE STATEMENT
Title Problem and promise in Colin E. Gunton's doctrine of creation
260 ## - PUBLICATION, DISTRIBUTION, ETC. (IMPRINT)
Place of publication Leiden ;
-- Boston :
Name of publisher Brill,
Year of publication 2013.
300 ## - PHYSICAL DESCRIPTION
Number of Pages viii, 213 p.
490 1# - SERIES STATEMENT
Series statement Studies in Reformed theology,
650 #0 - SUBJECT ADDED ENTRY--TOPICAL TERM
Topical Term Creation
Topical Term Theology.
856 40 - ELECTRONIC LOCATION AND ACCESS
Uniform Resource Identifier http://site.ebrary.com/lib/rucke/Doc?id=10734222

No items available.

© 2026 Rongo University
Contact us: librarian | system librarian | Rongo university